Guyton and Hall textbook of medical physiology (13th edition) (Record no. 31589)

MARC details
000 -LEADER
fixed length control field 01733nam a2200205 a 4500
008 - FIXED-LENGTH DATA ELEMENTS--GENERAL INFORMATION
fixed length control field 170518s2016 ||||||||||||||||| || u
020 ## - INTERNATIONAL STANDARD BOOK NUMBER
International Standard Book Number 9781455770052 (hardcover)
050 ## - LIBRARY OF CONGRESS CALL NUMBER
Classification number QP 34.5 Hal
100 ## - MAIN ENTRY--PERSONAL NAME
Personal name Hall, John E
245 10 - TITLE STATEMENT
Title Guyton and Hall textbook of medical physiology (13th edition)
Statement of responsibility, etc. John E. Hall, PhD, Arthur C. Guyton Professor and Chair, Department of Physiology and Biophysics, Director, Mississippi Center for Obesity Research, University of Mississippi Medical Center, Jackson, Mississippi.
Medium [unmediated]
246 ## -
-- Textbook of medical physiology
250 ## - EDITION STATEMENT
Edition statement 13th edition.
260 ## - PUBLICATION, DISTRIBUTION, ETC.
Place of publication, distribution, etc. Philadelphia:
Name of publisher, distributor, etc. Elsevier
Date of publication, distribution, etc. 2016
300 ## - PHYSICAL DESCRIPTION
Extent xix, 1145 pages : illustrations (some color) ; 29 cm.
350 ## -
-- 124.99
500 ## - GENERAL NOTE
General note Includes bibliographical references and index.
505 ## -
-- Unit I: Introduction to physiology: the cell and general physiology -- Unit II: Membrane physiology, nerve, and muscle -- Unit III: The heart -- Unit IV: The circulation -- Unit V: The body fluids and kidneys -- Unit VI: Blood cells, immunity, and blood coagulation -- Unit VII: Respiration -- Unit VIII: Aviation, space, and deep-sea diving physiology -- Unit IX: The nervous system: A. General principles and sensory physiology -- Unit X: The nervous system: B. The special senses -- Unit XI: The nervous system: C. Motor and integrative neurophysiology -- Unit XII: Gastrointestinal physiology -- Unit XIII: Metabolism and temperature regulation -- Unit XIV: Endocrinology and reproduction -- Unit XV: Sports physiology.
650 #3 - SUBJECT ADDED ENTRY--TOPICAL TERM
Topical term or geographic name entry element PHYSIOLOGICAL PHENOMENA
995 ## -
-- SHORT LOAN BOOKS
-- 903946
-- CBU-SCHOOL OF MEDICINE LIBRARY (Ndola)
-- 124.99
-- QP 34.5 Hal
-- 1
-- AVAILABLE
-- May 17, 2017
-- 903946
-- Short Loan Collection
999 ## -
-- 31589
-- 31589
Holdings
Withdrawn status Lost status Source of classification or shelving scheme Damaged status Not for loan Permanent Location Current Location Shelving location Date acquired Total Checkouts Full call number Barcode Date last seen Price effective from Koha item type
          CBU-SCHOOL OF MEDICINE LIBRARY, NDOLA. CBU-SCHOOL OF MEDICINE LIBRARY, NDOLA.   11/30/2022   QP 34.5 Hal 903946 11/30/2022 11/30/2022 MONOGRAPH